| 000 | 00810nam a2200265 i 4500 | ||
|---|---|---|---|
| 999 |
_c7664 _d7664 |
||
| 001 | 8305 | ||
| 003 | BD-DhUAP | ||
| 005 | 20210127162135.0 | ||
| 008 | 200210s2011 enk b 001 0 eng | ||
| 020 | _a0333461096 | ||
| 040 |
_aDLC _beng _erda _cDLC _dYDX _dNIC _dBD-DhUAP |
||
| 082 | 0 | 4 |
_a346.4202 MCK _223 |
| 100 | 1 |
_aMcKendrick, Ewan. _937312 |
|
| 245 | 1 | 0 |
_aContract law / _cEwan McKendrick. |
| 260 |
_aLondon : _bMacmillan, _cc1990. |
||
| 300 |
_axxxi, 282 pages ; _c24 cm. |
||
| 490 | _aMacmillan professional masters. | ||
| 504 | _aIncludes bibliographical references and index. | ||
| 526 | _aENH | ||
| 650 | 0 |
_aContracts _zGreat Britain. _937313 |
|
| 650 | 0 |
_aAgency (Law) _zGreat Britain. _937314 |
|
| 942 |
_2ddc _cBK |
||